| 000 | 00684nam a2200217 a 4500 | ||
|---|---|---|---|
| 001 | BRCA_2900 | ||
| 005 | 20190320204024.0 | ||
| 008 | 111208s1901----enka---###---#000-0#eng-u | ||
| 050 | 4 |
_aF1230 _b.P74 1901 |
|
| 100 | 1 |
_aPrescott, William Hickling _d1796-1859 _98071 |
|
| 245 | 1 | 0 |
_aHistory of the conquest of México _cby William H. Prescott ; ed. by John Foster Kirk. |
| 260 |
_aLondon _bG. Bell _c1901 |
||
| 300 |
_a2 v. _bil. _c19 cm. |
||
| 500 | _aIncluye lista alfabética de libros. | ||
| 500 | _aB32 | ||
| 600 | 1 | 4 |
_aCortes, Hernando _d1485-1547 _98072 |
| 651 | 4 |
_aMéxico _xHistoria _9614 |
|
| 700 | 1 |
_aFoster Kirk, John _d1824-1904 _eed _98073 |
|
| 902 | _aGFM | ||
| 942 |
_2lcc _cB |
||
| 999 |
_c2639 _d2639 |
||